The property rights of refugees and internally displaced persons : (Record no. 22617)
[ view plain ]
| 000 -LEADER | |
|---|---|
| fixed length control field | 01746cam a22003375a 4500 |
| 001 - CONTROL NUMBER | |
| control field | 18986752 |
| 005 - DATE AND TIME OF LATEST TRANSACTION | |
| control field | 20161016150849.0 |
| 008 - FIXED-LENGTH DATA ELEMENTS--GENERAL INFORMATION | |
| fixed length control field | 111005s2012 enk frb 001 0 eng d |
| 010 ## - LIBRARY OF CONGRESS CONTROL NUMBER | |
| LC control number | 2011041703 |
| 020 ## - INTERNATIONAL STANDARD BOOK NUMBER | |
| International Standard Book Number | 9780415579605 (hbk) |
| 040 ## - CATALOGING SOURCE | |
| Original cataloging agency | DLC |
| Language of cataloging | eng |
| Transcribing agency | DLC |
| Modifying agency | DLC |
| -- | EG-ScBUE |
| 082 04 - DEWEY DECIMAL CLASSIFICATION NUMBER | |
| Classification number | 341.486 |
| Item number | SMI |
| Edition number | 22 |
| 100 1# - MAIN ENTRY--PERSONAL NAME | |
| Personal name | Smit, Anneke. |
| 245 14 - TITLE STATEMENT | |
| Title | The property rights of refugees and internally displaced persons : |
| Remainder of title | beyond restitution / |
| Statement of responsibility, etc | Anneke Smit. |
| 260 ## - PUBLICATION, DISTRIBUTION, ETC. (IMPRINT) | |
| Place of publication, distribution, etc | Abingdon ; |
| -- | New York : |
| Name of publisher, distributor, etc | Routledge / Taylor & Francis Group, |
| Date of publication, distribution, etc | 2012. |
| 300 ## - PHYSICAL DESCRIPTION | |
| Extent | xii, 257 p. ; |
| Dimensions | 25 cm. |
| 500 ## - GENERAL NOTE | |
| General note | "A GlassHouse Book." |
| 500 ## - GENERAL NOTE | |
| General note | Index : p. 251-257. |
| 504 ## - BIBLIOGRAPHY, ETC. NOTE | |
| Bibliography, etc | Bibliography : p. 211-249. |
| 505 0# - FORMATTED CONTENTS NOTE | |
| Formatted contents note | The development of the right to return to one's home of origin -- Modern experiences with post-conflict restitution and return -- Restitution and return "home" -- Local integration and the regularization of collective centre space -- Compensation and regularizing secondary occupation. |
| 520 ## - SUMMARY, ETC. | |
| Summary, etc | Intends to pursue an examination of the various ways in which the protection of housing and property rights can contribute to durable solutions to displacement. This book chronicles the failure of the international community's attempts to promote widespread return through establishing housing and property restitution mechanisms. |
| 650 #7 - SUBJECT ADDED ENTRY--TOPICAL TERM | |
| Topical term or geographic name as entry element | Refugees |
| General subdivision | Legal status, laws, etc. |
| -- | History |
| Source of heading or term | BUEsh |
| 9 (RLIN) | 34342 |
| Chronological subdivision | 20th century. |
| 650 #0 - SUBJECT ADDED ENTRY--TOPICAL TERM | |
| Topical term or geographic name as entry element | Internally displaced persons |
| General subdivision | Legal status, laws, etc. |
| Source of heading or term | BUEsh |
| 650 #0 - SUBJECT ADDED ENTRY--TOPICAL TERM | |
| Topical term or geographic name as entry element | Restitution. |
| Source of heading or term | BUEsh |
| 650 #0 - SUBJECT ADDED ENTRY--TOPICAL TERM | |
| Topical term or geographic name as entry element | Repatriation. |
| Source of heading or term | BUEsh |
| 650 #0 - SUBJECT ADDED ENTRY--TOPICAL TERM | |
| Topical term or geographic name as entry element | Right of property. |
| Source of heading or term | BUEsh |
| 650 #0 - SUBJECT ADDED ENTRY--TOPICAL TERM | |
| Topical term or geographic name as entry element | Refugees |
| General subdivision | Housing. |
| Source of heading or term | BUEsh |
| 651 ## - SUBJECT ADDED ENTRY--GEOGRAPHIC NAME | |
| Source of heading or term | BUEsh |
| 653 ## - INDEX TERM--UNCONTROLLED | |
| Resource For college | BAEPS, Political Science |
| -- | Law |
| Arrived date list | October2016 |
| 942 ## - ADDED ENTRY ELEMENTS (KOHA) | |
| Source of classification or shelving scheme | Dewey Decimal Classification |
| Withdrawn status | Item status | Source of classification or shelving scheme | Damaged status | Not for loan | Vendor | Home library | Current library | Shelving location | Date acquired | Source of acquisition | Cost, normal purchase price | Serial Enumeration / chronology | Total Checkouts | Full call number | Barcode | Date last seen | Date last borrowed | Cost, replacement price | Koha item type |
|---|---|---|---|---|---|---|---|---|---|---|---|---|---|---|---|---|---|---|---|
| Dewey Decimal Classification | Academic Bookshop | Central Library | Central Library | First floor | 16/10/2016 | Purchase | 600.00 | 9117 | 1 | 341.486 SMI | 000034113 | 15/07/2025 | 06/02/2024 | 750.00 | Book - Borrowing |